| 000 | 00785nam a2200265 a 4500 | ||
|---|---|---|---|
| 001 | 54668 | ||
| 003 | BD-RJUL | ||
| 005 | 20211209080143.0 | ||
| 008 | 161107r19691965enk 000 0 eng | ||
| 035 | _a(BD-RJUL)54790 | ||
| 040 |
_aDLC _cORL _dBD-RJUL _beng |
||
| 041 | _aeng | ||
| 082 |
_223 _a822.33 _bTRS 1969 |
||
| 090 |
_aPR2981 _b.T779 |
||
| 099 | _aPR2981.T779 | ||
| 100 | 1 |
_aTraversi, Derek _d1912-2005. _9163030 |
|
| 245 | 1 | 0 |
_aShakespeare : _b the last phase / _cDerek Traversi. |
| 260 |
_aLondon : _bHOLLIS & CARTER, _c1969 [Reprinted 1965] |
||
| 300 |
_aviii, 272 p. _c23 cm. |
||
| 500 | _a"First published in 1955" | ||
| 600 | 1 | 0 |
_aShakespeare, William _d1564-1616 _xComedies. _9163032 |
| 942 |
_2ddc _cBK |
||
| 949 |
_aMYGH _b39080005061418 |
||
| 999 |
_c54668 _d54668 |
||